Evangelism in your church. (Record no. 11010)

000 -LEADER
fixed length control field 00520nam a2200181 a 4500
001 - CONTROL NUMBER
control field :::00008803$&:&@@
003 - CONTROL NUMBER IDENTIFIER
control field OkBaRHE
005 - DATE AND TIME OF LATEST TRANSACTION
control field 20000607103346.0
008 - FIXED-LENGTH DATA ELEMENTS--GENERAL INFORMATION
fixed length control field s1959 j 000 0 eng u
040 ## - CATALOGING SOURCE
Transcribing agency
100 1# - MAIN ENTRY--PERSONAL NAME
Personal name Swanson, Lawrence F.
245 10 - TITLE STATEMENT
Title Evangelism in your church.
260 ## - PUBLICATION, DISTRIBUTION, ETC. (IMPRINT)
Place of publication, distribution, etc Chicago, IL., :
Name of publisher, distributor, etc Harvest Publications
Date of publication, distribution, etc 1959
300 ## - PHYSICAL DESCRIPTION
Extent 135 p.
650 ## - SUBJECT ADDED ENTRY--TOPICAL TERM
Topical term or geographic name as entry element Evangelism
942 ## - ADDED ENTRY ELEMENTS (KOHA)
Source of classification or shelving scheme
Koha item type Books
Copies
Date acquired Lost status Damaged status Barcode Permanent Location Copy number Shelving location Koha item type Price effective from Date last seen Withdrawn status Full call number Not for loan Source of classification or shelving scheme
2010-04-14  8803RHEMA Bible Training College1General StacksBooks2010-04-142010-04-14 BV 3795 .S9